A scientific theory of culture, and other essays / (Record no. 14909)
[ view plain ]
| 000 -LEADER | |
|---|---|
| fixed length control field | 01117cam a22002893i 4500 |
| 001 - CONTROL NUMBER | |
| control field | 14909 |
| 003 - CONTROL NUMBER IDENTIFIER | |
| rucl marc code | BD-RjUL |
| 005 - DATE AND TIME OF LATEST TRANSACTION | |
| control field | 20211208235720.0 |
| 008 - FIXED-LENGTH DATA ELEMENTS--GENERAL INFORMATION | |
| fixed length control field | 140208s1944 ncu sb 001|0 eng d |
| 035 ## - SYSTEM CONTROL NUMBER | |
| System control number | (VaAlASP)ASPS100020302/soth |
| -- | (BD-RjUL)14963 |
| 040 ## - CATALOGING SOURCE | |
| Original cataloging agency | LPU |
| Transcribing agency | LPU |
| Modifying agency | EL$ |
| -- | YUS |
| -- | VaAlASP |
| -- | BD-RjUL |
| Language of cataloging | eng |
| 041 ## - LANGUAGE CODE | |
| Language code of text/sound track or separate title | eng |
| 082 ## - DEWEY DECIMAL CLASSIFICATION NUMBER | |
| Classification number | 301 |
| Author mark and year | MAS 1944 |
| 100 1# - MAIN ENTRY--PERSONAL NAME | |
| Personal name | Malinowski, Bronislaw, |
| Dates associated with a name | 1884-1942. |
| 9 (RLIN) | 5789 |
| 245 12 - TITLE STATEMENT | |
| Title | A scientific theory of culture, and other essays / |
| Statement of responsibility, etc. | Bronislaw Malinowski ; with a preface by Huntington Cairns. |
| 260 ## - PUBLICATION, DISTRIBUTION, ETC. (IMPRINT) | |
| Place of publication, distribution, etc. | Chapel Hill : |
| Name of publisher, distributor, etc. | University of North Carolina Press, |
| Date of publication, distribution, etc. | c1944 [printing 1964, 1966, 1973] |
| 300 ## - PHYSICAL DESCRIPTION | |
| Pagination | ix, 228 p. ; |
| Size | 21 cm. |
| 504 ## - BIBLIOGRAPHY, ETC. NOTE | |
| Bibliography, etc | Includes bibliographical references and index. |
| 505 0# - FORMATTED CONTENTS NOTE | |
| Formatted contents note | A scientific theory of culture -- The functional theory -- Sir James George Frazer. |
| 506 ## - RESTRICTIONS ON ACCESS NOTE | |
| Terms governing access | Access limited to subscribers |
| 600 10 - SUBJECT ADDED ENTRY--PERSONAL NAME | |
| Personal name | Frazer, James George, |
| Titles and other words associated with a name | Sir, |
| Dates associated with a name | 1854-1941. |
| 650 #0 - SUBJECT ADDED ENTRY--TOPICAL TERM | |
| Topical term or geographic name as entry element | Anthropology. |
| 9 (RLIN) | 46416 |
| Topical term or geographic name as entry element | Culture. |
| 9 (RLIN) | 46417 |
| 710 2# - ADDED ENTRY--CORPORATE NAME | |
| Corporate name or jurisdiction name as entry element | Alexander Street Press |
| 9 (RLIN) | 8886 |
| 830 #0 - SERIES ADDED ENTRY--UNIFORM TITLE | |
| Uniform title | Social theory. |
| 942 ## - ADDED ENTRY ELEMENTS (KOHA) | |
| Source of classification or shelving scheme | Dewey Decimal Classification |
| Koha item type | Books |
| Lost status | Source of classification or shelving scheme | Damaged status | Not for loan | Collection code | Permanent Location | Current Location | Shelving location | Date acquired | Source of acquisition | Cost, normal purchase price | Total Checkouts | Full call number | Date last seen | Copy number | Koha item type |
|---|---|---|---|---|---|---|---|---|---|---|---|---|---|---|---|
| Dewey Decimal Classification | Not For Loan | Non-fiction | Central Library, University of Rajshahi | Central Library, University of Rajshahi | Reading Room | 28/02/1958 | USIS | 0.00 | 301 MAS 1944 | 08/02/2014 | C-1 | Books | |||
| Dewey Decimal Classification | Non-fiction | Central Library, University of Rajshahi | Central Library, University of Rajshahi | 29/10/1990 | Shamsun Nahar | 301 MAS 1944 | 16/04/2017 | C-2 | Books | ||||||
| Dewey Decimal Classification | Non-fiction | Central Library, University of Rajshahi | Central Library, University of Rajshahi | 08/06/1977 | W. Heffer & Sons. | 301 MAS 1973 | 20/05/2017 | C-4 | Books | ||||||
| Dewey Decimal Classification | Non-fiction | Central Library, University of Rajshahi | Central Library, University of Rajshahi | 08/06/1977 | W. Heffer & Sons. | 301 MAS 1973 | 20/05/2017 | C-3 | Books | ||||||
| Dewey Decimal Classification | Non-fiction | Central Library, University of Rajshahi | Central Library, University of Rajshahi | 08/11/1968 | Zeitlinger | 16.60 | 301 MAS 1964 | 22/05/2017 | C-5 | Books | |||||
| Dewey Decimal Classification | Non-fiction | Central Library, University of Rajshahi | Central Library, University of Rajshahi | 08/11/1968 | Zeitlinger | 16.60 | 301 MAS 1966 | 22/05/2017 | C-6 | Books | |||||
| Dewey Decimal Classification | Non-fiction | Central Library, University of Rajshahi | Central Library, University of Rajshahi | 08/11/1968 | Zeitlinger | 16.60 | 301 MAS 1966 | 22/05/2017 | C-7 | Books | |||||
| Dewey Decimal Classification | Non-fiction | Central Library, University of Rajshahi | Central Library, University of Rajshahi | 08/11/1968 | Zeitlinger | 16.60 | 301 MAS 1966 | 22/05/2017 | C-8 | Books | |||||
| Dewey Decimal Classification | Non-fiction | Central Library, University of Rajshahi | Central Library, University of Rajshahi | 08/11/1968 | Zeitlinger | 16.60 | 301 MAS 1964 | 22/05/2017 | C-9 | Books | |||||
| Dewey Decimal Classification | Non-fiction | Central Library, University of Rajshahi | Central Library, University of Rajshahi | 08/11/1968 | Zeitlinger | 16.60 | 301 MAS 1964 | 22/05/2017 | C-10 | Books |